Kpop Demon Hunters Super Fan Quiz - Statistics

General Stats
  • This quiz has been taken 55 times
    54 since last reset
  • The average score is 18 of 34
Answer Stats
Hints Answers % Correct
The Rapper and Maknae of Huntrix Zoey
100%
Lead singer of Huntrix Rumi
98%
Lead singer of the Saja Boys Jinu
90%
Rapper of Saja Boys Baby
88%
The beloved Manager of Huntrix Bobby
85%
Lead Choreographer of Huntrix Mira
85%
Main Villain and King of Demons Gwi-Ma
80%
Backup Vocalist of Saja Boys Mystery
80%
Lures fans away, a singer for Saja Boys Romance
80%
Main Dancer of Saja Boys Abby
75%
Song sung by Huntrix that now has over 1 Billion Streams worldwide Golden
70%
Song sung by the Saja Boys to lure fans in. Soda Pop
68%
Song sung by Huntrix that was about destroying Demons. Takedown
68%
Sung by Rumi and Jinu. Free
65%
Sung by Saja boys at the end of the Movie to lure the fans to Gwi-Ma Your Idol
65%
The mentor of Huntrix Celine
63%
Song by Huntrix played during the very beginning of the Movie How It's Done
63%
Song song at the end of the Movie by Huntrix that defeats Gwi-Ma What It Sounds Like
63%
Name of the Magical force field that protects the city from demons Honmoon
53%
Beloved clumsy companion of Jinu Derpy
48%
Singing Voice of Rumi EJAE
45%
The sassy secondary companion of Jinu Sussie
40%
The strange Healer Healer Han
38%
Singing Voice of Mira Audrey Nuna
33%
Speaking Voice of Rumi Arden Cho
30%
Singing Voice of Zoey Rei Ami
30%
Speaking Voice of Mira May Hong
28%
Speaking Voice of Zoey Ji-young Yoo
23%
Name of Mira's Weapon Gok-do
15%
Lead Singer of Huntrix's Mother Mi-yeong
15%
Name of Rumi's Weapon Saingeom
15%
Name of Zoey's Weapon Shin kal
15%
The creator of Kpop Demon Hunters. Maggie Kang
10%
The city in which Kpop Demon Hunters takes place. Seoul, South Korea.
3%
No matching quizzes found
Score Distribution
Percent of People with Each Score
Percentile by Number Answered
Your Score History
You have not taken this quiz since the last reset